000 00512nam a2200181Ia 4500
003 GCL
008 140319s9999 xx 000 0 eng d
020 _a9 789748 6302
040 _aGCL /
_cGCL
082 0 4 _a599.676
_bW E
100 1 _aWARREN, WILLIAM
245 1 0 _aTHE ELEPHANT IN THAI LIFE & LEGEND /
_cWARREN, WILLIAM
260 _aتايلانــد :
_bMONSON EDITIONS LTD. ،
_c1998
300 _a30 CM ؛
_c239 P
650 0 4 _aTHAILAND - CIVILIZATION
650 0 4 _aELEPHANTS IN ART
942 _2ddc
_cBK
999 _c1911
_d1911